| 000 | 00512nam a2200145Ia 4500 | ||
|---|---|---|---|
| 008 | 180921t xxu||||| ||||o00| 0 eng d | ||
| 041 | _aeng | ||
| 080 | _aThe Ordinances Of Ceylon 1945 | ||
| 245 | _aordinance No.38 of 1945. L.D.-O.33/55/M.L.A BA.640. An ordinance To Amend The Vehicles ordinance.[ Date of Governor's Assent : October 19,1945.] [ Date of Governor's Assent : October 19,1945] | ||
| 300 | _a23 cm | ||
| 650 | _aVehicles | ||
| 942 | _cBK | ||
| 999 |
_c50189 _d50189 |
||
| 003 | LK-CoDNM | ||
| 040 |
_aLK-CoDNM _dLK-CoDNM _eLK-CoDNM |
||